Statistiques concernant Focus sur: Flambard Touque - Tolkien

Cliquez ici pour prendre le quiz!

Statistiques générales

  • Ce quiz a été pris 2 fois
  • Le résultat moyen est 5 sur 8

Statistiques - réponses

Informations recherchéesRéponses% Correct
Première mentionLe Seigneur des Anneaux: La Communauté de l'Anneau
100%
Age durant lequel il vécutTroisième
100%
VilleBourg-de-Touque
50%
ContréeComté
50%
EspèceHobbit
50%
PèreIsembard Touque
50%
Autre traduction du nomTouc
50%
FilsAdelard Touque
0%

Distribution des résultats

Percentile par nombre de réponses

% des personnes avec chaque résultat

Votre développement - résultats

Vous n’avez pas pris ce quiz